=LDR 00000nam 2200000 4500 =001 NUTBA000000000001649 =005 20140508111605.0 =006 =007 =008 =020 ##$$a 978-979-1227-12-4 =035 ##$$0010-051400000000114 =082 ##$$a 798.6 =090 ##$$a 798.6 $b Syu f =100 ##$$a Maulana M. Syuhada =245 ##$$a 40 days in europe : kisah kelompok musik Indonesia menaklukkan daratan eropa $c Maulana M. Syuhada =260 ##$$a Yogyakarta $b Bentang $c 2007 =300 ##$$a xxii, 550 hlm $c 21 cm. =850 ##$$a NBPNMAT =990 ##$$a 0001/BPAP-NTB/20142014 =990 ##$$a 0001/BPAP-NTB/2016 =990 ##$$a 0001/BPAP-NTB/2016